Mluvnice česká, kterouž ku prospěchu školní mládeže složil Josef Liboslav Ziegler

Hlavní autor: Ziegler, Josef Liboslav, 1782-1846
Jazyk: Čeština
Vydáno: W Hradci Králowé : Pospíšil, 1850
Vydání: 2. opr. wyd.
Témata:
Fyzický popis: 1 sv.
Knihy
Uloženo v:
LEADER 00702nam a22002171a 4500
001 000694234
003 CZ BrMZK
005 20031029085050.0
007 ta
008 031024s1850 xr f cze d
040 |a BOA001  |b cze  |c BOA001 
100 1 |a Ziegler, Josef Liboslav,  |d 1782-1846  |7 jk01152586  |4 aut 
245 1 0 |a Mluvnice česká, kterouž ku prospěchu školní mládeže složil Josef Liboslav Ziegler 
250 |a 2. opr. wyd. 
260 |a W Hradci Králowé :  |b Pospíšil,  |c 1850 
300 |a 1 sv. 
910 |a BOA001  |b 1-0031.813 
964 |a Bohemika - stol. 19. 
990 |a BK 
993 |a Y 
996 6 |b 2619224456  |c 1-0031.813  |l MZK  |r Sklad / do 1 hodiny  |n 3  |w 000694234  |u 000010  |a 1  |e BOA001  |j MZK50  |s P